| 000 | 00539nam a2200157 a 4500 | ||
|---|---|---|---|
| 008 | 070103s2006 xx |||||||||||||| || u | ||
| 050 | _aICRISAT(05)IAN/06/26 | ||
| 245 | 0 | 0 | _aInternational Arachis newsletter |
| 260 |
_a _bICRISAT _c2006 |
||
| 300 | _aiii ; 52p. | ||
| 350 | _a0.00 | ||
| 650 | _aAGRICULTURE | ||
| 650 | _aGROUNDNUTS | ||
| 650 | _aPEANUT | ||
| 995 |
_D0.00 _FCBU-MAIN LIBRARY (Kitwe) _H1 _I0.00 _M1 _UAVAILABLE _WJan 3, 2007 _ZInternational Publications |
||
| 999 |
_c47281 _d47281 |
||